000 00403nam a2200157 i 4500
001 bg
100 1 _aStručkov, Vladimir V.
245 0 _aZagadnienia współczesnej fizyki /
_cW. Struczkow, B.M. Jaworski.
250 _aWyd.2.
260 _aWarszawa,
_c1986.
700 1 _aJAvorskij, Boris Mihajlovič.
040 _cBPK
041 _apol
942 _cKS
008 s pl f |000 0 pol
999 _c3044
_d3044
856 _uhttp://koha.tu.koszalin.pl/cgi-bin/koha/opac-detail.pl?biblionumber=3044
_yKatalog online BPK